Finish the Lyrics - 2010s songs - Statistics

General Stats
  • This quiz has been taken 4,602 times
  • The average score is 11 of 20
Answer Stats
Hint Answer % Correct
SHAPE OF YOU by Ed Sheeran:I'm in love with the shape of you We push and pull like a ______ do Although my heart is falling too I'm in love with your body magnet
84%
LET HER GO by Passenger:Well, you only need the light when it's burning low Only miss the sun when it starts to ____ Only know you love her when you let her go snow
80%
CAN’T HOLD US by Macklemore and Ryan Lewis featuring Ray Dalton:Can we go back? This is the ______ Tonight is the night, we'll fight 'til it's over So we put our hands up Like the ceiling can't hold us moment
74%
ROLLING IN THE DEEP by Adele:There's a fire starting in my heart Reaching a _____ pitch, and it's bringing me out the dark fever
70%
THAT’S WHAT I LIKE by Bruno Mars:Gold jewelry shining so bright Strawberry _________ on ice Lucky for you, that's what I like, that's what I like champagne
68%
PUMPED UP KICKS by Foster the People:All the other kids with the pumped up kicks You better run, better run outrun my gun All the other kids with the pumped up kicks You better run, better run faster than my ______ bullet
67%
SUNFLOWER (SPIDER-MAN: INTO THE SPIDER-VERSE) by Post Malone & Swae Lee:Then you're left in the dust, unless I stuck by ya You're a sunflower, I think your ____ would be too much Or you'll be left in the dust, unless I stuck by ya You're the sunflower, you're the sunflower love
67%
ALL OF ME by John Legend:My head's under water But I'm breathing fine You're _____ and I'm out of my mind crazy
63%
BLANK SPACE by Taylor Swift:"Oh, my God, who is she?" I get drunk on _________ But you'll come back each time you leave 'Cause, darling, I'm a nightmare dressed like a daydream jealousy
60%
SOMEBODY THAT I USED TO KNOW by Gotye featuring Kimbra:And I don't even need your love But you treat me like a stranger and that feels so _____ No, you didn't have to stoop so low Have your friends collect your records and then change your number rough
58%
PAYPHONE by Maroon 5 featuring Wiz Khalifa:You say it's too late to make it But is it too late to try? And in our time that you wasted All of our _______ burned down bridges
53%
WITHOUT ME by Halsey:Feelin' so high, but too far away to hold me You know I'm the one who put you up there Name in the sky, does it ever get ______? Thinkin' you could live without me lonely
53%
HEY, SOUL SISTER by Train:Just in time I'm so glad you have a one track ____ like me You gave my life direction A game show love connection we can't deny mind
50%
TAKE ME TO CHURCH by Hozier:If the heavens ever did speak
She's the last true __________ Every Sunday's gettin' more bleak A fresh poison each week
mouthpiece
49%
THUNDER by Imagine Dragons:Not a "Yes, sir," not a follower Fit the box, fit the mold Have a seat in the foyer, take a ______ I was lightning before the thunder number
49%
ONE DANCE by Drake featuring Wizkid and Kyla:That's why I need a one dance Got a ________ in my hand One more time 'fore I go Higher powers taking a hold on me Hennessy
48%
MEANT TO BE by Bebe Rexha & Florida Georgia Line:So, won't you ride with me, ride with me? See where this thing goes If it's meant to be, it'll be, it'll be ____, if it's meant to be Baby
47%
JUST GIVE ME A REASON by Pink featuring Nate Ruess:It's in the stars It's been written in the _____ on our hearts We're not broken, just bent And we can learn to love again scars
42%
STRESSED OUT by Twenty One Pilots:Sometimes a certain smell will take me back to when I was young How come I'm never able to identify where it's coming from? I'd make a ______ out of it if I ever found it Try to sell it, never sell out of it, I'd probably only sell one candle
34%
DYNAMITE by Taio Cruz:I'm gonna be the last one standing Higher overall, I I'm gonna be the last one _______ landing
25%
No matching quizzes found
Score Distribution
Percent of People with Each Score
Percentile by Number Answered
Your Score History
You have not taken this quiz